Hamlet To Be or Not To Be Fill in the Blank Quiz Stats

 Plays Quiz not verified by Sporcle

Challenge
Share
Tweet
Embed
Score 0/35 Timer 10:00
0 Plays Today
Hint Answers % Correct
To be, or not to be--that is the ________:question
97.9%
Whether 'tis ________ in the ________ to ________nobler mind suffer
89.1%
The ________ and ________ of outrageous ________slings arrows fortune
87%
Or to take ________ against a ________ of ________arms sea troubles
85.4%
And by ________ ________ them. To ________, to ________--opposing end die sleep
81.8%
No more--and by a ________ to say we ________sleep end
78%
The ________, and the ________ natural ________heartache thousand shocks
75.3%
To ________--perchance to ________: ay, there's the ________,sleep dream rub
73.9%
That ________ is ________ to. 'Tis a ________flesh heir consummation
73%
_________ to be ________. To ________, to ________--devoutly wished die sleep
70.4%
For in that ________ of ________ what ________ may comesleep death dreams
69.7%
When we have ________ off this ________ ________,shuffled mortal coil
68.7%
Must give us ________. There's the ________pause respect
65.2%
That makes ________ of so long ________.calamity life
64.4%
For who would ________ the ________ and ________ of time,bear whips scorns
61%
Th' ________ wrong, the ________ man's ________oppressor's proud contumely
56%
The insolence of ________, and the ________office spurns
52.1%
That ________ merit of th' ________ takes,patient unworthy
51.5%
Hint Answers % Correct
When he ________ might his ________ makehimself quietus
51.1%
With a ________ ________? Who would ________ bear,bare bodkin fardels
49.5%
The ________ of ________ love, the ________ delay,pangs disprised law's
49.2%
To ________ and ________ under a ________ life,grunt sweat weary
46.4%
But that the ________ of ________ after ________,dread something death
43.2%
No ________ returns, ________ the will,traveller puzzles
42.8%
The ________ ________, from whose ________undiscovered country bourn
41.8%
And makes us rather ________ those ________ we havebear ills
40.8%
Thus ________ does make ________ of us all,conscience cowards
40.5%
Than ________ to ________ that we ________ not of?fly others know
39.1%
And thus the ________ ________ of ________native hue resolution
35.9%
Is ________ o'er with the ________ cast of ________,sicklied pale thought
34.7%
With this ________ their ________ turn ________regard currents awry
29.8%
And ________ of great ________ and ________enterprises pitch moment
29.5%
Be all my ________ ________sins remembered
29.5%
The fair ________! -- ________, in thy ________Ophelia nymph orisons
28.3%
And ________ the name of ________. -- ________ you now,lose action soft
27.4%

You're not logged in!

Compare scores with friends on all Sporcle quizzes.
OR
Log In

You Might Also Like...

Show Comments

Extras

Top Quizzes Today


Score Distribution

Your Account Isn't Verified!

In order to create a playlist on Sporcle, you need to verify the email address you used during registration. Go to your Sporcle Settings to finish the process.

Report this User

Report this user for behavior that violates our Community Guidelines.

Details: